00721nam a2200277Ia 4500008004100000020001800041050001100059050001400070100002200084245001800106245003300124245002500157260001500182260001600197260000900213300001400222300002600236300001000262650002200272650003200294650003200326650003400358700002000392700002000412700001100432171025s9999 xx 000 0 und d a9780439899598 a599.63 bH364 2006 aHatkoff, Isabella aOwen & Mzee : bthe language of friendship / cby Isabella Hatkoff. aNew York : bScholastic, c2006 aunpaged : bcolor illustrations ; c24cm. aAldabra tortoise. aHippopotamus -- Behavior -- aSocial behavior in animals. xKenya -- Juvenile Litarature. aHatkoff, Craig. aKahumbu, Paula. aTitle.